[Event "SVK 3.liga A2"]
[Site "?"]
[Date "2020.01.05"]
[Round "6.2"]
[White "Lanik, Miroslav"]
[Black "Meszaros, Lorant"]
[Result "1-0"]
[WhiteElo "1856"]
[BlackElo "1921"]
[PlyCount "113"]
[EventDate "2019.10.06"]

1. e4 e5 2. d4 exd4 3. Qxd4 Nc6 4. Qe3 g6 5. Nc3 Bg7 6. Bd2 Nf6 7. Bc4 d6 8. f3
O-O 9. O-O-O a6 10. Nge2 b5 11. Bb3 Na5 12. Kb1 Nxb3 13. axb3 Re8 14. Qf2 b4
15. Na4 a5 16. g4 Qe7 17. Rhe1 Bd7 18. Nf4 Bc6 19. h4 Qe5 20. Nd3 Qb5 21. h5 g5
22. e5 dxe5 23. Bxg5 e4 24. Bxf6 exd3 25. Bxg7 dxc2+ 26. Qxc2 Kxg7 27. h6+ Kg8
28. Nc5 Bxf3 29. Qf5 Qc6 30. Nd7 Rxe1 31. Rxe1 Qg6 32. Nf6+ Kh8 33. Qxg6 hxg6
34. Re7 Rf8 35. Rxc7 g5 36. Ra7 Be2 37. Rxa5 Bd3+ 38. Kc1 Rd8 39. Rxg5 Bg6 40.
Rd5 Rxd5 41. Nxd5 Kh7 42. g5 Bf5 43. Kd2 Be6 44. Nxb4 f6 45. gxf6 Kxh6 46. Kc3
Kg6 47. Nc6 Kxf6 48. b4 Bd7 49. Nd4 Ke7 50. Kc4 Kd8 51. Kc5 Kc7 52. b5 Bh3 53.
b4 Bg2 54. b6+ Kb7 55. Nb5 Ka6 56. Nd6 Bf3 57. b5+ 1-0

[Event "SVK 3.liga A2"]
[Site "?"]
[Date "2020.01.05"]
[Round "6.2"]
[White "Both, Lajos"]
[Black "Palka, Martin"]
[Result "0-1"]
[WhiteElo "1701"]
[BlackElo "1843"]
[PlyCount "84"]
[EventDate "2019.10.06"]

1. Nf3 Nf6 2. c4 g6 3. b3 Bg7 4. Bb2 O-O 5. d4 d5 6. e3 c6 7. Nc3 Bf5 8. Be2
Nbd7 9. Nh4 Nb6 10. Nxf5 gxf5 11. cxd5 cxd5 12. Rc1 a6 13. h3 Kh8 14. g4 Qd7
15. g5 Ne4 16. Nxe4 fxe4 17. h4 f5 18. gxf6 Bxf6 19. f3 exf3 20. Bxf3 Rg8 21.
Rc2 Qd6 22. Qe2 Rg3 23. Kd2 Rag8 24. Rcc1 e5 25. dxe5 Bxe5 26. Bxe5+ Qxe5 27.
Rcf1 Nd7 28. Rf2 Rc8 29. Rb1 Qc3+ 30. Kd1 Rg1+ 31. Rf1 Rxf1+ 32. Qxf1 Qc2+ 33.
Ke1 Qxb1+ 34. Bd1 Qe4 35. Qh3 Re8 36. Kd2 Nc5 37. Bc2 Qe5 38. h5 Ne4+ 39. Kc1
Qa1+ 40. Bb1 Qc3+ 41. Bc2 Rc8 42. Qg2 Qa1# 0-1

[Event "SVK 3.liga A2"]
[Site "?"]
[Date "2020.01.05"]
[Round "6.2"]
[White "Lauko, Tomas"]
[Black "Rozsas, Daniel"]
[Result "1-0"]
[WhiteElo "1725"]
[BlackElo "1644"]
[PlyCount "67"]
[EventDate "2019.10.06"]

1. e4 c5 2. c4 Nc6 3. Nc3 g6 4. Nf3 Bg7 5. g3 d6 6. Bg2 Nf6 7. d3 Bg4 8. Be3
O-O 9. Qd2 Nd7 10. Bh6 Nde5 11. Bxg7 Nxf3+ 12. Bxf3 Bxf3 13. Bxf8 Bxh1 14. Bh6
Nd4 15. O-O-O Bf3 16. Rf1 Qa5 17. Kb1 Ne2 18. Qe3 Nxc3+ 19. bxc3 Bg2 20. Rc1 b5
21. Rc2 bxc4 22. dxc4 Rb8+ 23. Rb2 Rxb2+ 24. Kxb2 Qa6 25. e5 Qb6+ 26. Kc1 d5
27. cxd5 Bxd5 28. Qg5 Qa5 29. Qd2 Bxa2 30. Qb2 Qc7 31. Qxa2 Qxe5 32. Qd2 Qc7
33. Qd5 Qc8 34. Qe5 1-0

[Event "SVK 3.liga A2"]
[Site "?"]
[Date "2020.01.05"]
[Round "6.2"]
[White "Szabo, Viktor"]
[Black "Fidericky, Milan"]
[Result "0-1"]
[WhiteElo "1481"]
[BlackElo "1683"]
[PlyCount "38"]
[EventDate "2019.10.06"]

1. e4 e5 2. Nf3 Nf6 3. Nxe5 d6 4. Nf3 Nxe4 5. d4 d5 6. c3 Bg4 7. Bd3 Be7 8. O-O
O-O 9. b3 Nd7 10. Qc2 Bxf3 11. gxf3 Nef6 12. Be3 g6 13. Nd2 Bd6 14. c4 c6 15.
cxd5 cxd5 16. f4 Nh5 17. Rae1 Bxf4 18. Bxf4 Nxf4 19. Be2 Qg5+ 0-1

[Event "SVK 3.liga A2"]
[Site "?"]
[Date "2020.01.05"]
[Round "6.2"]
[White "Bendzela, Tibor"]
[Black "Sido, Daniel"]
[Result "1/2-1/2"]
[WhiteElo "1615"]
[BlackElo "1580"]
[PlyCount "90"]
[EventDate "2019.10.06"]

1. e4 e5 2. d4 d6 3. dxe5 dxe5 4. Qxd8+ Kxd8 5. Nc3 c6 6. Bg5+ Be7 7. O-O-O+
Nd7 8. Nf3 f6 9. Be3 Nh6 10. Bxh6 gxh6 11. Bc4 Kc7 12. Be6 Rd8 13. Bf5 Rh8 14.
Nh4 Nb6 15. g4 Bd7 16. h3 Rad8 17. f3 Nc4 18. Rhe1 Nd6 19. Bxd7 Rxd7 20. Ne2
Rhd8 21. Ng3 Bf8 22. Nhf5 Nf7 23. Rxd7+ Rxd7 24. h4 Kd8 25. Nh5 Be7 26. Nhg7
Bf8 27. Ne6+ Ke8 28. Rd1 Rxd1+ 29. Kxd1 Bd6 30. Ke2 Kd7 31. Neg7 Bc7 32. Kd3
Bd8 33. c4 a5 34. a3 Be7 35. Nxe7 Kxe7 36. Nf5+ Kd7 37. c5 Kc7 38. b4 a4 39.
Kc4 b5+ 40. Kd3 Kd7 41. Ke3 Ke6 42. f4 Kd7 43. Kf3 Ke6 44. Ng7+ Kd7 45. f5 Kd8
1/2-1/2

[Event "SVK 3.liga A2"]
[Site "?"]
[Date "2020.01.05"]
[Round "6.2"]
[White "Lelkes, Geza"]
[Black "Dest, Stanislav"]
[Result "0-1"]
[WhiteElo "1471"]
[BlackElo "1566"]
[PlyCount "107"]
[EventDate "2019.10.06"]

1. e4 e5 2. Nf3 Nc6 3. Nc3 Nf6 4. Bc4 Be7 5. d3 d6 6. O-O O-O 7. h3 Na5 8. Nd2
Nxc4 9. Nxc4 Be6 10. Ne3 Qd7 11. Qf3 c6 12. a3 a5 13. Bd2 b5 14. Ne2 d5 15.
exd5 cxd5 16. Ng3 Rfc8 17. c3 Bd6 18. Ngf5 e4 19. Nh6+ Kh8 20. Nxf7+ Qxf7 21.
dxe4 dxe4 22. Qe2 Rab8 23. b4 a4 24. Rfc1 Be5 25. Nd1 Qg6 26. Qe3 Nd5 27. Qg5
Qxg5 28. Bxg5 Bf4 29. Bxf4 Nxf4 30. Kh2 Rf8 31. Rc2 Rbd8 32. Ne3 Bb3 33. Rcc1
Rd2 34. Rf1 Nd3 35. f3 exf3 36. Kg3 f2 37. Ng4 h5 38. Nxf2 Rfxf2 39. Rxf2 Rxf2
40. h4 Rc2 41. Rf1 Rxc3 42. Rf5 g6 43. Rxb5 Nxb4+ 44. Kf4 Rc4+ 45. Kg5 Rg4+ 46.
Kh6 Nd3 47. Rb8+ Bg8 48. Rd8 Ne5 49. Rf8 Nf7+ 50. Rxf7 Bxf7 51. g3 Rd4 52. Kg5
Rd3 53. g4 Rxa3 54. gxh5 0-1

[Event "SVK 3.liga A2"]
[Site "?"]
[Date "2020.01.05"]
[Round "6.3"]
[White "Lanc, Alois"]
[Black "Ambros, Rafael"]
[Result "1-0"]
[WhiteElo "2286"]
[BlackElo "1971"]
[PlyCount "45"]
[EventDate "2019.10.06"]

1. e4 d6 2. d4 Nf6 3. Nc3 g6 4. f4 Bg7 5. Nf3 O-O 6. Bd3 c5 7. dxc5 dxc5 8. e5
Nd5 9. Nxd5 Qxd5 10. Qe2 Nc6 11. Be4 Qd7 12. c3 b6 13. h4 Rd8 14. h5 a5 15.
hxg6 hxg6 16. Ng5 Ba6 17. Qf3 Rac8 18. e6 fxe6 19. Bxg6 Bd3 20. Bf7+ Kf8 21.
Bxe6 Qd6 22. Qh5 Bg6 23. Nh7+ 1-0

[Event "SVK 3.liga A2"]
[Site "?"]
[Date "2020.01.05"]
[Round "6.3"]
[White "Brunovsky, Peter"]
[Black "Arendas, Marek"]
[Result "1/2-1/2"]
[WhiteElo "1912"]
[BlackElo "2110"]
[PlyCount "168"]
[EventDate "2019.10.06"]

1. c4 c5 2. Nc3 Nc6 3. g3 g6 4. Bg2 Bg7 5. e4 d6 6. Nge2 Bg4 7. h3 Bd7 8. O-O
f5 9. d3 Nf6 10. Be3 O-O 11. Qd2 Qe8 12. Kh2 Rb8 13. Rad1 e5 14. Bh6 Nd4 15.
Bxg7 Kxg7 16. Nxd4 cxd4 17. Nd5 b5 18. Rc1 bxc4 19. Nxf6 Rxf6 20. Rxc4 Rf7 21.
exf5 Bxf5 22. Bd5 Be6 23. Bxe6 Qxe6 24. Rfc1 Rbf8 25. Rc7 Qxa2 26. Qb4 Qd5 27.
Rxf7+ Rxf7 28. Qd2 Qb7 29. Rc2 h6 30. Qe2 Qf3 31. Qxf3 Rxf3 32. Rd2 Rf7 33. Rc2
Rb7 34. Kg2 Kf6 35. Kf3 Rb3 36. Ke2 Ke6 37. Rd2 Kd5 38. f3 Ke6 39. Rc2 Kd7 40.
Kd2 h5 41. h4 Ke6 42. Ke2 Kf5 43. Rd2 g5 44. hxg5 Kxg5 45. Kf2 h4 46. gxh4+
Kxh4 47. f4 Kg4 48. fxe5 dxe5 49. Ke2 Kf4 50. Kf2 Rb7 51. Re2 Rh7 52. Ke1 Rb7
53. Kd1 a5 54. Kc2 a4 55. Re4+ Kf5 56. Re2 Rc7+ 57. Kd2 a3 58. bxa3 Rc3 59.
Rf2+ Ke6 60. Rf8 Rxa3 61. Re8+ Kd6 62. Rd8+ Ke7 63. Rh8 Ra2+ 64. Kd1 Ke6 65.
Re8+ Kf5 66. Rf8+ Kg4 67. Rf7 Kg3 68. Rf5 Ra5 69. Kd2 Kg4 70. Rf8 Ra2+ 71. Kd1
Rh2 72. Rf7 Kg5 73. Rf8 Rh4 74. Ke2 Rf4 75. Rg8+ Kf5 76. Rf8+ Ke6 77. Re8+ Kd6
78. Rd8+ Ke7 79. Rh8 Rf6 80. Ke1 Rf3 81. Ke2 Re3+ 82. Kd2 Rg3 83. Ke2 Kf7 84.
Ra8 Re3+ 1/2-1/2

[Event "SVK 3.liga A2"]
[Site "?"]
[Date "2020.01.05"]
[Round "6.3"]
[White "Nicolini, Alexander"]
[Black "Danada, Ondrej"]
[Result "1-0"]
[WhiteElo "2157"]
[BlackElo "1887"]
[PlyCount "111"]
[EventDate "2019.10.06"]

1. e4 c6 2. d4 d5 3. exd5 cxd5 4. Bd3 Nf6 5. h3 Nc6 6. c3 g6 7. Nf3 Bf5 8. Bxf5
gxf5 9. Bf4 Ne4 10. Nbd2 h5 11. Ne5 Nxe5 12. Bxe5 Rg8 13. O-O Nxd2 14. Qxd2 Qb6
15. Qe2 Qg6 16. Qf3 O-O-O 17. c4 dxc4 18. Rac1 Qc6 19. Qxc6+ bxc6 20. Rxc4 Kb7
21. Rfc1 Rg6 22. R1c3 Bh6 23. Rb4+ Kc8 24. Rb8+ Kd7 25. Rb7+ Ke8 26. Rc4 Rd7
27. Rb8+ Rd8 28. Rb7 Rd7 29. Rb8+ Rd8 30. Rxd8+ Kxd8 31. Ra4 Kd7 32. Rxa7+ Ke6
33. Rc7 f6 34. Rxc6+ Kd5 35. Ra6 Rg8 36. Bxf6 exf6 37. Rxf6 Bf4 38. Rxf5+ Ke4
39. Rxh5 Rc8 40. Rc5 Rb8 41. b3 Kxd4 42. Rc4+ Ke5 43. g3 Bd2 44. Kg2 Ra8 45.
f4+ Kd5 46. Rc2 Be1 47. Kf3 Kd4 48. Re2 Bc3 49. h4 Kd3 50. h5 Bd2 51. h6 Rxa2
52. g4 Ra1 53. g5 Rf1+ 54. Rf2 Rxf2+ 55. Kxf2 Ke4 56. g6 1-0

[Event "SVK 3.liga A2"]
[Site "?"]
[Date "2020.01.05"]
[Round "6.3"]
[White "Takacs, Zsolt"]
[Black "Gabris, Ondrej"]
[Result "0-1"]
[WhiteElo "1738"]
[BlackElo "2180"]
[PlyCount "96"]
[EventDate "2019.10.06"]

1. e4 c5 2. Nf3 g6 3. d4 cxd4 4. Nxd4 Nc6 5. Bb5 Bg7 6. Bxc6 bxc6 7. O-O Nf6 8.
Nc3 O-O 9. Bg5 Rb8 10. Rb1 Qc7 11. Re1 d6 12. Bxf6 Bxf6 13. Qd3 Qb6 14. Nb3 a5
15. Qe3 Qc7 16. Nd4 e5 17. Nf3 Be6 18. Ng5 Bc8 19. Nf3 Qe7 20. Red1 Ba6 21. b3
Bg7 22. Qd2 Rbd8 23. Na4 Qc7 24. c4 f5 25. Nc3 Bc8 26. h3 Qe7 27. Nh2 Qh4 28.
Nf3 Qh5 29. Qg5 Qxg5 30. Nxg5 h6 31. Nf3 fxe4 32. Nxe4 Bf5 33. Re1 d5 34. cxd5
cxd5 35. Nc5 Bxb1 36. Ne6 Bf5 37. Nxf8 Kxf8 38. g4 Be4 39. Nd2 Bd3 40. Rc1 e4
41. Rc6 g5 42. Nf1 Bxf1 43. Kxf1 d4 44. Ke2 d3+ 45. Kd2 Be5 46. Rxh6 Bf4+ 47.
Kd1 Ke7 48. h4 Rc8 0-1

[Event "SVK 3.liga A2"]
[Site "?"]
[Date "2020.01.05"]
[Round "6.3"]
[White "Szitkey, Milan"]
[Black "Kubis, Ivan"]
[Result "1-0"]
[WhiteElo "2043"]
[BlackElo "1863"]
[PlyCount "67"]
[EventDate "2019.10.06"]

1. e4 e5 2. Nf3 Nc6 3. Bb5 a6 4. Ba4 Nf6 5. d3 d6 6. c3 g6 7. O-O Bg7 8. Re1 b5
9. Bc2 O-O 10. Nbd2 Nh5 11. Nf1 Nf4 12. d4 g5 13. dxe5 Nxe5 14. Ne3 Be6 15. Nf5
Bf6 16. N3d4 Neg6 17. g3 c5 18. Nh6+ Kg7 19. Ndf5+ Kh8 20. gxf4 gxf4 21. a4 b4
22. cxb4 cxb4 23. Bb3 Be5 24. Bd5 Ra7 25. Kh1 Nh4 26. Rg1 Nxf5 27. Nxf5 Qf6 28.
Qg4 Rc7 29. Bxf4 Bxf5 30. Bxe5 Bxe4+ 31. Qxe4 dxe5 32. Rg2 Qd6 33. Rag1 Re7 34.
Qg4 1-0

[Event "SVK 3.liga A2"]
[Site "?"]
[Date "2020.01.05"]
[Round "6.3"]
[White "Kanka, Tomas"]
[Black "Sturdik, Igor"]
[Result "1/2-1/2"]
[WhiteElo "1755"]
[BlackElo "1958"]
[PlyCount "96"]
[EventDate "2019.10.06"]

1. e4 Nf6 2. Nc3 d5 3. e5 d4 4. exf6 dxc3 5. fxe7 cxd2+ 6. Bxd2 Qxe7+ 7. Qe2
Nc6 8. O-O-O Bd7 9. Nf3 O-O-O 10. Qxe7 Bxe7 11. Bc4 f6 12. h3 Bc5 13. Rhf1 Bf5
14. Nh4 Bd7 15. f4 Rhe8 16. Nf3 Nd4 17. Nxd4 Bxd4 18. Rde1 f5 19. c3 Bf6 20.
Rxe8 Rxe8 21. Re1 Rxe1+ 22. Bxe1 Kd8 23. Bd3 Ke7 24. Kd2 g6 25. Bf2 b6 26. g3
Be6 27. a3 Kd6 28. Bc2 Bd5 29. Ke3 c5 30. h4 a6 31. a4 b5 32. Kd2 c4 33. Bb6
Bg2 34. Ba5 Kd5 35. axb5 axb5 36. Ke3 Be7 37. Bd1 Bc5+ 38. Ke2 Be4 39. Bc7 Bd3+
40. Kf3 Bb1 41. Ba5 h5 42. Bd8 Be4+ 43. Ke2 Bg2 44. Ba5 Bh3 45. Bc2 Bg4+ 46.
Kf1 Bf3 47. Ke1 Be4 48. Bd1 Bd3 1/2-1/2

[Event "SVK 3.liga A2"]
[Site "?"]
[Date "2020.01.05"]
[Round "6.3"]
[White "Mosny, Jaroslav"]
[Black "Kastler, Peter"]
[Result "1/2-1/2"]
[WhiteElo "1892"]
[BlackElo "1681"]
[PlyCount "42"]
[EventDate "2019.10.06"]

1. d4 d5 2. Nf3 e6 3. e3 Nf6 4. Bd3 Be7 5. O-O O-O 6. Nbd2 Nbd7 7. b3 b6 8. Bb2
Bb7 9. Ne5 Rc8 10. f4 Ne4 11. Rf3 f5 12. g4 Nxe5 13. fxe5 fxg4 14. Rxf8+ Qxf8
15. Bxe4 dxe4 16. Qxg4 Qf5 17. Qxf5 exf5 18. c4 Bg5 19. Kf2 f4 20. exf4 Bxf4
21. Ke2 Bxd2 1/2-1/2

[Event "SVK 3.liga A2"]
[Site "?"]
[Date "2020.01.05"]
[Round "6.3"]
[White "Mraz, Jan"]
[Black "Klanica, Anton"]
[Result "0-1"]
[WhiteElo "1657"]
[BlackElo "1803"]
[PlyCount "148"]
[EventDate "2019.10.06"]

1. d4 Nf6 2. c4 e5 3. e3 exd4 4. exd4 Bb4+ 5. Bd2 Bxd2+ 6. Nxd2 O-O 7. Ngf3
Re8+ 8. Be2 Qe7 9. Rc1 d6 10. Rc3 Nc6 11. Re3 Qd8 12. O-O Rxe3 13. fxe3 Qe7 14.
Qb3 Rb8 15. Re1 Bd7 16. Bd3 b6 17. a3 Re8 18. Qc2 h6 19. e4 Qd8 20. e5 dxe5 21.
Nxe5 Nxd4 22. Qc3 c5 23. Ndf3 Nxf3+ 24. Nxf3 Rxe1+ 25. Qxe1 Bc6 26. Qd2 Kf8 27.
Bc2 Qc7 28. Nh4 Bd7 29. Bf5 Bc6 30. h3 g5 31. Nf3 Bxf3 32. gxf3 Qg3+ 33. Qg2
Qf4 34. Be4 Kg7 35. Qe2 Qg3+ 36. Qg2 Qxg2+ 37. Kxg2 Nd7 38. Kg3 Nf6 39. Bc2
Nh5+ 40. Kg4 Nf4 41. h4 Kf6 42. hxg5+ hxg5 43. b4 a5 44. bxc5 bxc5 45. a4 Ne6
46. Be4 Ke5 47. Bd5 f6 48. Bc6 f5+ 49. Kg3 Ng7 50. Bd7 Nh5+ 51. Kf2 Nf6 52. Bc8
f4 53. Ke2 Kd4 54. Ba6 Kc3 55. Bb5 Nh5 56. Kf2 Kd3 57. Kg2 Ke3 58. Bc6 Nf6 59.
Kh3 Kd3 60. Bb5 Kd4 61. Ba6 Nd7 62. Kg4 Ne5+ 63. Kxg5 Ke3 64. Bb7 Nxf3+ 65. Kg4
Ne5+ 66. Kh3 Nxc4 67. Kg2 Nb2 68. Bc6 c4 69. Be8 c3 70. Bg6 Nxa4 71. Bc2 f3+
72. Kf1 Nc5 73. Bd1 a4 74. Bxa4 Nxa4 0-1

[Event "SVK 3.liga A2"]
[Site "?"]
[Date "2020.01.05"]
[Round "6.4"]
[White "Sobek, Michal"]
[Black "Podjavorinsky, Michal"]
[Result "1/2-1/2"]
[WhiteElo "2090"]
[BlackElo "1979"]
[PlyCount "189"]
[EventDate "2019.10.06"]

1. e4 d5 2. exd5 Qxd5 3. Nc3 Qa5 4. d4 c6 5. h3 Bf5 6. Nf3 Nf6 7. Bc4 e6 8. O-O
Bb4 9. Ne2 O-O 10. Ng3 Bg6 11. Ne5 Nbd7 12. Nxg6 hxg6 13. Qf3 Bd6 14. Rd1 Rad8
15. c3 Qc7 16. Bg5 b5 17. Bb3 Bxg3 18. fxg3 Rc8 19. Bf4 Qb6 20. Bd6 Rfe8 21.
Kh2 Qd8 22. Rf1 Nb6 23. Be5 Nbd7 24. Rad1 Qe7 25. Bf4 Nd5 26. Bg5 N5f6 27. a4
a6 28. axb5 cxb5 29. Ra1 Ra8 30. Ra5 e5 31. Bd5 e4 32. Qe2 Ra7 33. Bc6 b4 34.
Bxd7 Qxd7 35. Bxf6 gxf6 36. Rxf6 bxc3 37. bxc3 Qc7 38. Rc5 Qb7 39. Qc4 Kg7 40.
Rf2 e3 41. Ra2 a5 42. Re5 Rc8 43. Qe2 Qb3 44. Rxe3 Rxc3 45. Rxc3 Qxc3 46. Qe5+
Kh7 47. Rf2 Qc7 48. Qg5 Qe7 49. Qxe7 Rxe7 50. Ra2 Rd7 51. Ra4 Rd5 52. g4 Rb5
53. Ra1 Kg7 54. Kg3 Kf6 55. Kf4 g5+ 56. Ke4 Ke6 57. Kd3 Rb2 58. Rxa5 Rxg2 59.
Rxg5 Rg3+ 60. Ke4 Rxh3 61. Ra5 Rb3 62. Ra6+ Ke7 63. Ra7+ Ke8 64. Ra4 Rg3 65.
Kf5 Rf3+ 66. Ke5 Re3+ 67. Kd5 Kd7 68. Ra7+ Ke8 69. Ra8+ Kd7 70. g5 Re6 71. Ra7+
Ke8 72. Ra1 Rg6 73. Rg1 f6 74. Re1+ Kd7 75. gxf6 Rxf6 76. Ra1 Rf5+ 77. Kc4 Rf2
78. Ra7+ Kd6 79. Ra6+ Kd7 80. Kc5 Rc2+ 81. Kd5 Rh2 82. Ra7+ Kc8 83. Kc5 Rh5+
84. d5 Rh6 85. Rg7 Kd8 86. Rg8+ Kd7 87. Ra8 Rg6 88. Rh8 Rf6 89. Rh5 Rg6 90. d6
Rg1 91. Rh7+ Kd8 92. Rh4 Kd7 93. Rd4 Rg5+ 94. Rd5 Rg1 95. Rd4 1/2-1/2

[Event "SVK 3.liga A2"]
[Site "?"]
[Date "2020.01.05"]
[Round "6.4"]
[White "Siska, Kristof"]
[Black "Horak, Ivan"]
[Result "0-1"]
[WhiteElo "1797"]
[BlackElo "2022"]
[PlyCount "82"]
[EventDate "2019.10.06"]

1. e4 c5 2. Nf3 d6 3. d4 cxd4 4. Nxd4 Nf6 5. Nc3 a6 6. Be2 e5 7. Nb3 Be7 8. Be3
Be6 9. Qd2 Nbd7 10. f3 b5 11. g4 Nb6 12. g5 Nfd7 13. Na5 Rc8 14. O-O-O O-O 15.
Nb7 Qc7 16. Nxd6 Rcd8 17. Nf5 Bxf5 18. exf5 Nc5 19. Qe1 Rxd1+ 20. Qxd1 Rd8 21.
Qg1 Rc8 22. Bd1 b4 23. Ne4 Nba4 24. Kb1 a5 25. Nxc5 Nxc5 26. b3 a4 27. Qf2 Qc6
28. Rg1 e4 29. f4 Bf8 30. h4 Nb7 31. h5 Nd6 32. f6 Nb5 33. Bd4 Nxd4 34. Qxd4
Bc5 35. Qe5 Bxg1 36. f5 Qc3 37. Qxc3 bxc3 38. fxg7 Kxg7 39. Be2 axb3 40. axb3
Rc5 41. Bg4 Be3 0-1

[Event "SVK 3.liga A2"]
[Site "?"]
[Date "2020.01.05"]
[Round "6.4"]
[White "Sefcik, Marek"]
[Black "Strapko, Tomas"]
[Result "1-0"]
[WhiteElo "1988"]
[BlackElo "1874"]
[PlyCount "120"]
[EventDate "2019.10.06"]

1. e4 c5 2. Nf3 Nc6 3. b3 d6 4. Bb2 Nf6 5. e5 dxe5 6. Bb5 Bd7 7. Bxc6 Bxc6 8.
Bxe5 g6 9. O-O Bg7 10. d3 O-O 11. Nbd2 Qd7 12. a4 Rad8 13. Qe2 b6 14. Rfe1 Nd5
15. Bxg7 Kxg7 16. Ne5 Qb7 17. Nxc6 Qxc6 18. Nc4 f6 19. f4 Nxf4 20. Qxe7+ Kg8
21. Qe4 Qxe4 22. Rxe4 Nd5 23. Rae1 Nb4 24. R1e2 Rf7 25. Re6 Kg7 26. a5 Nd5 27.
g3 Nc7 28. Rc6 b5 29. Nd6 Rfd7 30. Nb7 Re8 31. Rxe8 Nxe8 32. Nxc5 Re7 33. Kf2
Kf7 34. Ne4 Re6 35. Rc8 Ke7 36. Ra8 a6 37. Ra7+ Kd8 38. Nc5 Rc6 39. d4 Nc7 40.
Rb7 Kc8 41. Rb6 Rxb6 42. axb6 Nd5 43. Nxa6 Nxb6 44. Ke3 Kd7 45. Kd3 f5 46. c4
g5 47. Nb4 h5 48. c5 Nc8 49. d5 Ne7 50. Kd4 Ng6 51. Nd3 Ke7 52. Ne5 Nf8 53. Nf3
f4 54. gxf4 gxf4 55. b4 Ng6 56. Ke4 Kd7 57. c6+ Kc7 58. Nd4 Kb6 59. d6 f3 60.
d7 Kc7 1-0

[Event "SVK 3.liga A2"]
[Site "?"]
[Date "2020.01.05"]
[Round "6.4"]
[White "Miciak, Emanuel"]
[Black "Jakubec, Milan"]
[Result "1/2-1/2"]
[WhiteElo "1825"]
[BlackElo "1998"]
[PlyCount "59"]
[EventDate "2019.10.06"]

1. d4 d5 2. Bf4 e6 3. e3 Nf6 4. Nf3 Bd6 5. Bg3 Ne4 6. Bd3 Nxg3 7. hxg3 h6 8.
Nbd2 Nc6 9. c3 a6 10. g4 e5 11. dxe5 Nxe5 12. Nxe5 Bxe5 13. f4 Bd6 14. Qf3 Bd7
15. g5 Qe7 16. gxh6 gxh6 17. O-O-O O-O-O 18. Rde1 Bc5 19. Nb3 Rde8 20. Qxd5
Bxe3+ 21. Kb1 Bc6 22. Qf5+ Bd7 23. Qd5 Qd6 24. Qxd6 cxd6 25. Re2 Bg4 26. Rc2 h5
27. Nd4 Bxf4 28. Rf2 Bg5 29. Rxf7 Rhf8 30. Bf5+ 1/2-1/2

[Event "SVK 3.liga A2"]
[Site "?"]
[Date "2020.01.05"]
[Round "6.4"]
[White "Hirmajer, Jan"]
[Black "Orvisky, Vladimir"]
[Result "1-0"]
[WhiteElo "1901"]
[BlackElo "1707"]
[PlyCount "100"]
[EventDate "2019.10.06"]

1. c4 e5 2. Nc3 Nf6 3. g3 Nc6 4. Bg2 Bb4 5. Nf3 d5 6. cxd5 Nxd5 7. O-O O-O 8.
a3 Nxc3 9. bxc3 Bc5 10. Qc2 Be6 11. d3 h6 12. Rd1 Qf6 13. Be3 Qe7 14. Bxc5 Qxc5
15. Nd2 Nd4 16. Qb2 Nxe2+ 17. Kf1 Qxc3 18. Qb1 Nd4 19. Ne4 Qb3 20. Nc5 Qb6 21.
Nxe6 Nxe6 22. Bxb7 Rad8 23. Be4 Nc5 24. Qc2 Nxe4 25. dxe4 Rxd1+ 26. Rxd1 Qb7
27. a4 Rc8 28. Rd5 f6 29. Qc4 Kh7 30. Rd7 a5 31. Qf7 Qb1+ 32. Kg2 Qxe4+ 33. Kf1
Qh1+ 34. Ke2 Qe4+ 35. Kd2 Qg6 36. Qe6 Rb8 37. Rxc7 Rb2+ 38. Ke3 Qb1 39. Kf3
Qd1+ 40. Kg2 Qd3 41. Qxf6 Qd5+ 42. Kh3 Qg8 43. Qf5+ Kh8 44. Rc8 Qxc8 45. Qxc8+
Kh7 46. Qf5+ Kg8 47. Qxe5 Rxf2 48. Qxa5 Rf7 49. Qd5 g5 50. a5 Kf8 1-0

[Event "SVK 3.liga A2"]
[Site "?"]
[Date "2020.01.05"]
[Round "6.4"]
[White "Musaev, Matej Elbek"]
[Black "Simkovic, Eduard"]
[Result "1-0"]
[WhiteElo "1723"]
[BlackElo "1904"]
[PlyCount "99"]
[EventDate "2019.10.06"]

1. e4 e5 2. Nf3 Nc6 3. Bb5 a6 4. Ba4 Bc5 5. O-O Qf6 6. c3 Nge7 7. Re1 O-O 8. d4
exd4 9. e5 Qg6 10. cxd4 Bb4 11. Nc3 d5 12. Bc2 Qh5 13. h3 f5 14. a3 Ba5 15. b4
Bb6 16. Bb3 Be6 17. Ne2 h6 18. Nf4 Qf7 19. Nxe6 Qxe6 20. Bb2 Rad8 21. Qd2 Kh8
22. Kh1 g5 23. Nh2 Ng6 24. Re3 Nce7 25. a4 c6 26. Bc2 f4 27. Rb3 h5 28. Qe2 f3
29. Rxf3 Nf4 30. Qd1 Rf7 31. a5 Ba7 32. Rxf4 gxf4 33. Qxh5+ Kg8 34. Ng4 Kf8 35.
Nf6 Ng8 36. Nxg8 Kxg8 37. Qg5+ Rg7 38. Qxd8+ Kf7 39. Qd6 Qe8 40. Qf6+ Kg8 41.
Qxf4 Qh5 42. Re1 Bb8 43. Qf5 Qe8 44. Bc1 Rf7 45. Qg6+ Kf8 46. Bh6+ Ke7 47. e6
Rxf2 48. Qxe8+ Kxe8 49. Bg6+ Ke7 50. Bg5+ 1-0

[Event "SVK 3.liga A2"]
[Site "?"]
[Date "2020.01.05"]
[Round "6.4"]
[White "Husek, Lubomir"]
[Black "Bardik, Jozef"]
[Result "1-0"]
[WhiteElo "1852"]
[BlackElo "1854"]
[PlyCount "55"]
[EventDate "2019.10.06"]

1. c4 c6 2. Nc3 d5 3. cxd5 cxd5 4. e3 Nc6 5. d4 Nf6 6. Nf3 Bf5 7. Be2 e6 8. a3
a6 9. O-O Bd6 10. b4 b5 11. Bb2 Rc8 12. Rc1 Ne4 13. Nxe4 dxe4 14. Ne5 Nxe5 15.
dxe5 Bb8 16. Qxd8+ Rxd8 17. Bd4 O-O 18. Rc6 a5 19. Bxb5 axb4 20. axb4 Rd5 21.
Bc4 Rd7 22. Rc1 h6 23. b5 Bg4 24. b6 Rfd8 25. h3 Bh5 26. Ba6 Kf8 27. b7 f6 28.
Rc8 1-0

[Event "SVK 3.liga A2"]
[Site "?"]
[Date "2020.01.05"]
[Round "6.4"]
[White "Divinec, Peter"]
[Black "Zlamal, Marek"]
[Result "0-1"]
[WhiteElo "1534"]
[BlackElo "1873"]
[PlyCount "70"]
[EventDate "2019.10.06"]

1. e4 c5 2. f4 Nc6 3. Nf3 d6 4. Bb5 Bd7 5. d3 Qc7 6. Bxc6 Bxc6 7. c4 g6 8. Nc3
Bg7 9. Nd5 Bxd5 10. cxd5 O-O-O 11. O-O Kb8 12. Rb1 Nf6 13. b3 Nd7 14. Bb2 Bxb2
15. Rxb2 h6 16. Qd2 e6 17. dxe6 fxe6 18. Rc2 Nf6 19. e5 Nd5 20. Nd4 Qd7 21. Ne2
b6 22. a3 dxe5 23. fxe5 Ne7 24. Rf7 Qe8 25. Rf6 Nf5 26. Nf4 Nd4 27. Rb2 g5 28.
Ne2 Nc6 29. Nc3 Nxe5 30. Qe2 Nxd3 31. Rxe6 Qf7 32. Rd2 Rde8 33. Rxe8+ Rxe8 34.
Qf1 Qxf1+ 35. Kxf1 Re1# 0-1

[Event "SVK 3.liga A2"]
[Site "?"]
[Date "2020.01.05"]
[Round "6.5"]
[White "Cajka, Tibor"]
[Black "Holicky, Miroslav"]
[Result "1/2-1/2"]
[WhiteElo "2128"]
[BlackElo "1772"]
[PlyCount "25"]
[EventDate "2019.10.06"]

1. e4 d5 2. exd5 Qxd5 3. Nc3 Qd8 4. d4 Nf6 5. Bg5 h6 6. Bh4 c6 7. Qd2 e6 8.
O-O-O Be7 9. h3 b6 10. g4 Bb7 11. Bg2 Nbd7 12. Bg3 Qc8 13. f4 1/2-1/2

[Event "SVK 3.liga A2"]
[Site "?"]
[Date "2020.01.05"]
[Round "6.5"]
[White "Drahos, Miroslav"]
[Black "Hecko, Dusan"]
[Result "0-1"]
[WhiteElo "1705"]
[BlackElo "2025"]
[PlyCount "192"]
[EventDate "2019.10.06"]

1. e4 d5 2. exd5 Qxd5 3. d4 Bf5 4. Nf3 Qe4+ 5. Be2 Qxc2 6. Qxc2 Bxc2 7. Bf4 c6
8. O-O Nf6 9. Nc3 e6 10. Rac1 Bg6 11. Rfe1 Be7 12. Nb5 Nd5 13. Nd6+ Bxd6 14.
Bxd6 Nd7 15. Ne5 Nxe5 16. dxe5 Kd7 17. Red1 Rhd8 18. g3 Ke8 19. b4 Nb6 20. b5
Be4 21. f4 Rd7 22. Kf2 Rad8 23. bxc6 Bxc6 24. Bc5 Rxd1 25. Rxd1 Rxd1 26. Bxd1
Nc8 27. Ke3 a6 28. Be2 Kd7 29. h4 g6 30. Bd3 h5 31. Be2 Bd5 32. a3 Kc6 33. Bb4
Nb6 34. Kd4 Bg2 35. g4 hxg4 36. Bxg4 Nd5 37. Bd2 Kd7 38. h5 gxh5 39. Bxh5 Ke7
40. Be2 f6 41. exf6+ Nxf6 42. Ke5 Nd7+ 43. Kd4 Kd6 44. Bg4 Bd5 45. Bb4+ Kc6 46.
Be2 b5 47. Ba5 Nc5 48. Bb4 Nb3+ 49. Kc3 a5 50. Be7 Nc1 51. Bd1 Bc4 52. Bc2 Ne2+
53. Kd2 Nxf4 54. Be4+ Bd5 55. Bc2 Bg2 56. Bb3 e5 57. Bd8 a4 58. Ba2 Bd5 59. Bb1
Ne6 60. Be7 Nc5 61. Bg6 Bc4 62. Kc3 Nb3 63. Kb4 Kd7 64. Bf8 Nd4 65. Be4 Ke6 66.
Bg7 Bd5 67. Bd3 Bc6 68. Bf8 Kd5 69. Bf1 Nc2+ 70. Kc3 Ne3 71. Be2 Nf5 72. Bg4
Nd6 73. Bf3+ e4 74. Bg2 Nf5 75. Bh3 Nd4 76. Bg2 Bd7 77. Bg7 Ne2+ 78. Kd2 Nf4
79. Bf1 Ne6 80. Bc3 Nd4 81. Bb4 Bg4 82. Be7 Nf3+ 83. Ke3 Nd4 84. Bg2 Bf3 85.
Bf1 Nf5+ 86. Kf4 Nxe7 87. Bxb5 Bd1 88. Ke3 Nf5+ 89. Kd2 Bb3 90. Be2 Kd4 91. Bb5
e3+ 92. Ke1 Nd6 93. Be2 Nc4 94. Bxc4 Bxc4 95. Kd1 e2+ 96. Ke1 Kc3 0-1

[Event "SVK 3.liga A2"]
[Site "?"]
[Date "2020.01.05"]
[Round "6.5"]
[White "Pericka, Tomas"]
[Black "Benkovsky, Peter"]
[Result "1-0"]
[WhiteElo "1944"]
[BlackElo "1632"]
[PlyCount "43"]
[EventDate "2019.10.06"]

1. e4 e6 2. d4 d5 3. Nc3 Nf6 4. Bg5 Be7 5. e5 Nfd7 6. Bxe7 Qxe7 7. Bd3 a6 8. f4
Nf8 9. Nf3 Nc6 10. a3 Bd7 11. Qe2 O-O-O 12. b4 Na7 13. O-O c6 14. Na4 Nb5 15.
Nc5 Kb8 16. a4 Nc7 17. Rfb1 Bc8 18. b5 cxb5 19. axb5 axb5 20. Bxb5 Nd7 21. Bxd7
Rxd7 22. Qd2 1-0